000
00256nam a2200109Ia 4500
005
20251222141948.0
008
251222s9999||||xx |||||||||||||| ||spa||
020
_a
84-8055-255-7
082
_a
REF.380.1/C95
245
0
_a
Diccionario de marketing
942
_c
LIB
999
_c
9594
_d
9594